|
|
|
|
| LEADER |
00000nam a2200000 a 4500 |
| 001 |
vtls009408449 |
| 003 |
SK-MaSNL |
| 005 |
20260301211004.0 |
| 008 |
160610s2008 xo f f 001 0 slo |
| 015 |
|
|
|a SNBA2009/02-00712
|
| 020 |
|
|
|a 9788089182220 (brož.)
|
| 035 |
|
|
|a 336F3C1E-A4BC-4386-9D07-D47DFEF95CFA
|
| 035 |
|
|
|a urn:nbn:sk:snk-amlctb
|
| 035 |
|
|
|a urn:nbn:sk:snk-am00908b
|
| 040 |
|
|
|a SNK
|b slo
|c SNK
|e AACR2
|
| 041 |
0 |
|
|a slo
|
| 044 |
|
|
|a xo
|c SK
|
| 072 |
|
7 |
|a 614
|x Verejné zdravie a hygiena
|2 konspekt
|
| 080 |
|
|
|a 910.4
|2 2001
|
| 080 |
|
|
|a 614
|2 2001
|
| 080 |
|
|
|a 616.9
|2 2001
|
| 080 |
|
|
|a 616-084
|2 2001
|
| 080 |
|
|
|a 614.47
|2 2001
|
| 080 |
|
|
|a 61:338.48
|2 2001
|
| 080 |
|
|
|a (035)
|2 2001
|
| 245 |
0 |
0 |
|a Cestovná medicína v praxi
|b odborný poradca lekára s praktickými informáciami pre cestujúcich pacientov
|n 1
|c [autori Elena Adamkovičová ... [et al.] ; editori Katarína Holečková ... [et al.]]
|
| 250 |
|
|
|a [1. vyd.]
|
| 260 |
|
|
|a Bratislava
|b Josef Raabe Slovensko
|c [2008]
|
| 300 |
|
|
|a 1 zv. (rozličné stránkovanie)
|c 23 cm
|
| 490 |
1 |
|
|a Nahliadnuť - nájsť
|
| 490 |
1 |
|
|a Lekár
|
| 500 |
|
|
|a Základné dielo s poriadačom č. 1
|
| 500 |
|
|
|a Voľné listy zopnuté v karisbloku
|
| 500 |
|
|
|a Obsahuje grafické symboly
|
| 504 |
|
|
|a Bibliogr. Vecný register
|
| 650 |
0 |
7 |
|a cestovanie
|2 SNKPH
|9 18846
|
| 650 |
0 |
7 |
|a zdravotné aspekty
|2 SNKPH
|9 70173
|
| 650 |
0 |
7 |
|a infekčné choroby
|2 SNKPH
|9 859
|
| 650 |
0 |
7 |
|a prevencia ochorení
|2 SNKPH
|9 69501
|
| 650 |
0 |
7 |
|a očkovanie
|2 SNKPH
|9 2553
|
| 650 |
0 |
7 |
|a cestovná medicína
|2 SNKPH
|9 86888
|
| 655 |
|
7 |
|a príručky
|2 SNKPH
|9 74364
|
| 700 |
1 |
|
|a Adamkovičová, Elena
|4 aut
|9 595172
|
| 700 |
1 |
|
|a Holečková, Katarína
|4 aut
|4 edt
|9 12262
|
| 830 |
|
0 |
|a Nahliadnuť - nájsť
|9 314477
|
| 830 |
|
0 |
|a Lekár
|9 331748
|
| 919 |
|
|
|a 978-80-89182-22-0
|
| 958 |
|
|
|a NB
|
| 958 |
|
|
|a MI
|
| 958 |
|
|
|a OND
|
| 968 |
|
|
|d 61
|
| 999 |
|
|
|c 915421
|d 917351
|
| 952 |
|
|
|a SNK
|b SNK
|y PREZ
|7 0
|p 17A0605236
|o snkSC 133745/1
|i snk2008/22176
|8 0
|0 0
|1 0
|4 0
|d 2008-11-20
|f 1
|l 0
|r 2025-06-24 00:00:00
|w 2026-02-24
|
| 952 |
|
|
|a SNK
|b SNK
|y PREZ
|7 0
|p 17A0605241
|o snkSC 133745/1 D1
|i snk2008/22177
|8 0
|0 0
|1 0
|4 0
|d 2008-11-20
|l 0
|r 2026-02-24 07:57:44
|w 2026-02-24
|